सुत्तनिपात / (Record no. 69471)

MARC details
000 -LEADER
fixed length control field 01199nam a22002537a 4500
005 - DATE AND TIME OF LATEST TRANSACTION
control field 20120614170415.0
008 - FIXED-LENGTH DATA ELEMENTS--GENERAL INFORMATION
fixed length control field 081007t xxu||||| |||| 00| 0 mar d
010 ## - LCCN (DPL NO)
LC control number MAR-22462
020 ## - INTERNATIONAL STANDARD BOOK NUMBER
Terms of availability 395.00
035 ## - SYSTEM CONTROL NUMBER
System control number MR-15120
037 ## - SOURCE OF ACQUISITION
Source of stock number/acquisition D.B.Act /pub
082 ## - DEWEY DECIMAL CLASSIFICATION NUMBER
Classification number 294.3823
100 ## - MAIN ENTRY--PERSONAL NAME
9 (RLIN) 49115
245 ## - TITLE STATEMENT
Title सुत्तनिपात /
Statement of responsibility, etc धर्मानंद कोसंबी द्वारा अनुवादित;पु.वि.बापट द्वारा संपादित
246 ## - VARYING FORM OF TITLE
Remainder of title edited by Dharmanand kosambi
Title proper/short title Suttanipat
260 ## - PUBLICATION, DISTRIBUTION, ETC. (IMPRINT)
Place of publication, distribution, etc औरंगाबाद
Name of publisher, distributor, etc कौशल्य प्रकाशन
Date of publication, distribution, etc 2011
270 ## - ADDRESS
City औरंगाबाद
Address एन-11,सी-3/24/3,हडको,
Postal code 431003
300 ## - PHYSICAL DESCRIPTION
Extent 374पृ.
Dimensions 22सेमी(सजिल्द)
650 ## - SUBJECT ADDED ENTRY--TOPICAL TERM
9 (RLIN) 51648
700 ## - ADDED ENTRY--PERSONAL NAME
Personal name धर्मानंद कोसंबी
9 (RLIN) 51685
700 ## - ADDED ENTRY--PERSONAL NAME
Personal name बापट, पु.वि.
9 (RLIN) 51686
942 ## - ADDED ENTRY ELEMENTS (KOHA)
Source of classification or shelving scheme Dewey Decimal Classification
Item type Marathi Books
Call number suffix सुत्तनि
Classification part 294.3823
Holdings
Withdrawn status Lost status Source of classification or shelving scheme Damaged status Not for loan Collection code Home library Current library Date acquired Source of acquisition Cost, normal purchase price Total Checkouts Full call number Barcode Date last seen Copy number Cost, replacement price Koha item type
    Dewey Decimal Classification   Not For Loan Non-fiction D.B.Act.Division D.B.Act.Division 28/08/2012 DBAD / PUB 395.00   294.3823 सुत्तनि MR-15120 28/08/2012 1 395.00 Marathi Books

© Delhi Public Library
Hit Counter
free hit counter